LEADER 01504nas a2200277 i 4500 001 000000185658 003 CaOOAMICUS 005 20100225000000.0 008 100901b2009 xxcuu u0 0fre r 013 $a163692 040 $aSeMil$bita 245 10$aPaul Ricoeur :$bune herméneutique de l'agir humain /$cnuméro thématique dirigé par Sophie-Jan Arrien et Pierre-Antoine Chardel. 246 04$iTitolo in copertina:$aPaul Ricoeur 260 $aQuébec (Canada) :$bUniversité Laval,$ccopyr. 2009. 300 $aP. [397]-580 ;$c25 cm. 500 $aContiene : Thèses doctorales de la Faculté de Philosophie et de la Faculté de Théologie et de Sciences Religieuses 2008-2009. - Articoli con sintesi in francese [Résumé] e in inglese [Abstract] in testa. - Titolo principale [Dossier] del fascicolo. 700 1 $aChardel, Pierre-Antoine.$0(OLS)http://semarc/name/68231 700 1 $aArrien, Sophie-Jan.$0(OLS)http://semarc/name/68230 773 0 $tLaval Théologique et Philosophique.$dQuébec (Canada) : Université Laval $x0023-9054$w()2408 774 0 $t[vedi periodico].$w()272155 850 $aSeMil 852 $aSeMil$W1$xVenegono$y1$m7 5 59$j136349$B136349$CSeMilBibl$Z2$F148599 $85 961 $aCambio: Scuola Cattolica 996 $6245$aPaul Ricoeur :$bune herméneutique de l'agir humain$9(OLS)http://semarc/title/266857 996 $6246$aPaul Ricoeur$9(OLS)http://semarc/title/266858 996 $6260$aQuébec (Canada) :$bUniversité Laval$9(OLS)http://semarc/publisher/30714 LEADER 01117nam a2200265 i 4500 001 000000192790 003 CaOOAMICUS 005 20100929000000.0 008 100929s2009 it u000 u ita u 013 $a171424 020 $a978-88-88828-82-4 040 $aSeMil$bita 245 12$aI cristiani in Medio Oriente :$btra futuro, tradizione e islam. 260 $aMilano :$bLeonardo International,$c2009. 300 $a125 p. :$bill. ;$c22 cm. 490 0 $aI libri di Sant'Egidio 650 4$aCristianesimo e Islamismo.$0(OLS)http://semarc/subject/6971 650 4$aMedio Oriente - Cristianesimo.$0(OLS)http://semarc/subject/36260 830 2$aI libri di Sant'Egidio.$0(OLS)http://semarc/title/18781 850 $aSeMil 852 $aSeMil$W1$xVenegono$y1$m2R II 106$j143365$B143365$CSeMilBibl$Z2$F155024 $81 961 $aOmaggio: Altro 996 $6020$a978-88-88828-82-4$9(OLS)http://semarc/number/184095 996 $6245$aI cristiani in Medio Oriente :$btra futuro, tradizione e islam$9(OLS)http://semarc/title/277899 996 $6260$aMilano :$bLeonardo International$9(OLS)http://semarc/publisher/33827